000 00385nam a2200109Ia 4500
008 171204s9999 xx 000 0 und d
245 _aInformation Security Practice And Experience:
245 _cJavier Lopez and Yongdong Wu
260 _c2015
650 _xFUNDAMENTALS OF INFORMATION SECURITY
856 _uhttp://down.ebook777.com/002/Information_Security_Practice_and_Experience.pdf
999 _c347156
_d347156